Normal view
MARC view
Entry Personal Name
001 - CONTROL NUMBER
- control field: 814
003 - CONTROL NUMBER IDENTIFIER
- control field: OSt
005 - DATE AND TIME OF LATEST TRANSACTION
- control field: 20190124162845.0
008 - FIXED-LENGTH DATA ELEMENTS
- fixed length control field: 190124|| aca||aabn | a|a d
040 ## - CATALOGING SOURCE
- Original cataloging agency: OSt
- Transcribing agency: OSt
100 ## - HEADING--PERSONAL NAME
- Personal name: Tewari, Manish
670 ## - SOURCE DATA FOUND
- Source citation: Work cat.: (OSt)507135: Tewari, Manish, Fables of fractured times., 2019
